000 00888nam a2200253 a 4500
001 000024038
005 20200930022650.0
008 110118s1994 ag 000 0 spa d
020 _a9508530103
040 _aDO-SdBNP
_bspa
_cBNPHU
082 _axxxx
_bxxxxx
245 0 0 _aPsiquiatría biológica latinoamericana /
_cOscar Boullosa...[et al.] ; compiladores de Roberto Fernández Labriola, Héctor Puppo Touriz y Guillermo Caetano Esquivel.
250 _a2a ed.
260 _aBuenos Aires :
_bCangrejal Editores,
_c1994.
300 _av. ;
_c21 cm.
490 1 _aCangrejal PSI.
_aFLAPB
_v2
505 0 _gT. 1.
700 1 _aBoullosa, Oscar
_949386
700 1 _aFernández Labriola, Roberto.
_ecomp.
_949387
700 1 _aPuppo Touriz, Héctor
_ecomp.
_949388
700 1 _aCaetano Esquivel, Guillermo
_ecomp.
_949389
830 0 _aCangrejal PSI
_pFLAPB
_vv. 2
_949390
049 _aBNGR
999 _c23533
_d23533